Missing Word: Short Stories Quiz Stats

 Plays Quiz Updated Mar 1, 2016

Challenge
Share
Tweet
Embed
Score 0/24 Timer 04:00
0 Plays Today
Clue Missing Word % Correct
A Good Man Is ____ to FindHard
93.5%
The _______ Case of Benjamin ButtonCurious
87.6%
The ______ of Sleepy HollowLegend
85.1%
The ____ of the MagiGift
70.8%
The _____ and Daniel WebsterDevil
59.8%
The Celebrated Jumping ____ of Calaveras CountyFrog
57.4%
The Snows of ___________Kilimanjaro
40.2%
The Loneliness of the Long-Distance ______Runner
40.1%
The Monkey's ___Paw
38.4%
The Cask of ___________Amontillado
38.1%
The Moons of _______Jupiter
31.2%
I Have No _____, and I Must ScreamMouth
30.8%
Clue Missing Word % Correct
The ______ WallpaperYellow
26.4%
Bartleby, the _________Scrivener
24%
The Lady, or the _____?Tiger
23.8%
An Occurrence at ___ Creek BridgeOwl
23.4%
The ___ of ForceUse
14.7%
The _____ at the StoreWoman
9.8%
The Last ________Question
9.4%
The Open ____Boat
8.1%
A Study in _______Emerald
5.6%
The Bottle ___Imp
5.6%
The ___________ and the RoseNightingale
3.8%
Mountain _______Victory
2.3%

Today's Daily Dose

Missing Word
Madam, I'm Adam

Quick Pick
Meat vs Animal

On This Day
October 21st II

You're not logged in!

Compare scores with friends on all Sporcle quizzes.
Join for Free
OR
Log In

You Might Also Like...

Show Comments

Extras

Top Quizzes Today


Score Distribution

Your Account Isn't Verified!

In order to create a playlist on Sporcle, you need to verify the email address you used during registration. Go to your Sporcle Settings to finish the process.

Report this User

Report this user for behavior that violates our Community Guidelines.

Details: